• 首页
  • 本馆介绍
  • 公告通知
  • 最新文献
  • 馆藏检索
  • 电子资源
  • 读者导购
  • 参考咨询
  • 我的图书馆
  • 登录
  • 详细信息显示
  • 放入我的书架
  • 预约/预借图书
  • 作者相关作品
  • 分类相关作品
  • 丛书相关作品
  • 出版社相关作品

书目信息

  • 表格格式
  • 工作单格式
  • 卡片格式
题名:
后汉书
    
 
作者: 范晔 著 ;国学经典文库编委会 编
分册:  
出版信息: 成都   四川美术出版社  2019
页数: 309页
开本: 23cm
丛书名: 国学经典文库
单 册:
中图分类: K234.204.2
科图分类:
主题词: 东汉时代--dong han shi dai--历史--纪传体
电子资源:
ISBN: 978-7-5410-7817-0
000 01038oam2 2200277 450
001 2133107993
005 20211025190356.0
010    @a978-7-5410-7817-0@dCNY39.80
100    @a20190508d2019 em y0chiy50 ea
101 0  @achi
102    @aCN@b510000
105    @aa z 000yy
106    @ar
200 1  @a后汉书@Ahou han shu@f(南北朝)范晔著@g国学经典文库编委会编
210    @a成都@c四川美术出版社@d2019
215    @a309页@c图@d23cm
225 2  @a国学经典文库@Aguo xue jing dian wen ku
330    @a本书主要记述了上起东汉的光武帝建武元年,下迄汉献帝建安二十五年,共196年的史事。本书为选编本,采用通俗易懂的方式,配以大量的注释与准确的译文,客观展现原文主旨,还原原文意境。
461  0 @12001 @a国学经典文库
605    @a《后汉书》@Ahou han shu@x译文
606 0  @a东汉时代@Adong han shi dai@x历史@j纪传体
690    @aK234.204.2@v5
701  0 @c(南朝宋)@a范晔@Afan ye@4著
712 02 @a国学经典文库编委会@Aguo xue jing dian wen ku bian wei hui@4编
801  0 @aCN@b百万庄@c20211025
905    @b1312204-06@dK234.204.2@e118@f3
    
    后汉书/(南北朝)范晔著/国学经典文库编委会编.-成都:四川美术出版社,2019
    309页:图;23cm.-(国学经典文库)
    
    
    ISBN 978-7-5410-7817-0:CNY39.80
    本书主要记述了上起东汉的光武帝建武元年,下迄汉献帝建安二十五年,共196年的史事。本书为选编本,采用通俗易懂的方式,配以大量的注释与准确的译文,客观展现原文主旨,还原原文意境。
●
相关链接 在E读中查询图书 在五车中查询图书 在当当中查询图书 在豆瓣中查询图书


正题名:后汉书     索取号:K234.204.2/118         预约/预借

序号 登录号 条形码 馆藏地/架位号 状态 备注
1 1312204   213122048   第二样本阅览室/ [索取号:K234.204.2/118] 在馆    
2 1312205   213122057   第二借阅区/ [索取号:K234.204.2/118] 在馆    
3 1312206   213122066   第二借阅区/ [索取号:K234.204.2/118] 在馆    
唐山师范学院图书馆 欢迎您!
大连网信软件有限公司© 版权所有